Sports Quiz

Random Sports Quiz

Name all the 2016 Olympic sports Quiz Stats

 Plays Quiz not verified by Sporcle

Score 0/39 Timer 10:00
0 Plays Today
Hint Answer % Correct
FFootball
80.4%
S SSynchronised Swimming
79.5%
M SMarathon Swimming
79.1%
SSwimming
79.1%
T TTable Tennis
71.4%
AAthletics
69.1%
TTennis
68.4%
AArchery
68.3%
GGolf
64.9%
BBasketball
64.1%
B VBeach Volleyball
60%
RRowing
59.4%
VVolleyball
55.3%
A GArtistic Gymnastics
54.9%
R GRhythmic Gymnastics
54.1%
BBadminton
53.8%
DDiving
53.2%
JJudo
52.9%
SShooting
52.8%
BBoxing
51.2%
Hint Answer % Correct
W PWater Polo
50.8%
C TCycling Track
49.3%
FFencing
48.4%
EEquestrian
46.5%
WWrestling
45%
HHockey
43.6%
WWeightlifting
42.8%
HHandball
37.5%
SSailing
37.4%
C RCycling Road
32.5%
C SCaneo Sprint
28%
R SRugby Sevens
27.3%
C BCycling BMX
24.8%
TTaekwondo
24.6%
C M BCycling Mountain Bike
19.3%
C SCanoe Slalom
14.7%
TTriathalon
10.4%
M PModern Pentathalon
5.3%
T GTrampoline Gymnatics
1%

You're not logged in!

Compare scores with friends on all Sporcle quizzes.
OR
Log In

Sporcle TV

Today on Sporcle TV


Watch our educational content, quiz creation guides, and fun videos on Sporcle TV.

Show Comments

Extras

Created Jul 26, 2016ReportNominate
Tags:2016

Top Quizzes Today


Score Distribution

Your Account Isn't Verified!

In order to create a playlist on Sporcle, you need to verify the email address you used during registration. Go to your Sporcle Settings to finish the process.

Report this User

Report this user for behavior that violates our Community Guidelines.

Details: